000 00741nam a22001815i 4500
001 48698
003 ES-MaACL
007 t|
008 941011s1883 sp ||||1| spa d
040 _aGA
_bspa
100 0 _aDíaz de Rábago, Joaquín
_944248
245 1 3 _aEl crédito agricola
_b: informe de la Sociedad Económica de Amigos del País de ... Santiago /
_credactado por ... D. Joaquín Díaz de Rábago y Díaz de Mier.
260 _aSantiago de Compostela :
_b[s.n.],
_c1883 (
_fImp. de la Gaceta, F. de la Torre y Cía)
300 _aVII, 328 p., 1 h., 329-615 p. ;
_c27 cm.
710 2 _aReal Sociedad Económica de Amigos del País de Santiago de Compostela
_96387
852 _aES-MaACL
_jG-6986
999 _c48698
_d48698